INSTRUMENTAL APPROACH TO CHEMICAL ANALYSIS (Record no. 5479)

MARC details
000 -LEADER
fixed length control field 00416nam a22001577a 4500
005 - DATE AND TIME OF LATEST TRANSACTION
control field 20230118104147.0
008 - FIXED-LENGTH DATA ELEMENTS--GENERAL INFORMATION
fixed length control field 170620b xxu||||| |||| 00| 0 eng d
020 ## - INTERNATIONAL STANDARD BOOK NUMBER
ISBN 978-81-219-1659-3
041 ## - LANGUAGE CODE
Language code of text/sound track or separate title eng
100 ## - MAIN ENTRY--AUTHOR NAME
Personal name SRIVASTAVA A.K. AND JAIN P. C
245 ## - TITLE STATEMENT
Title INSTRUMENTAL APPROACH TO CHEMICAL ANALYSIS
260 ## - PUBLICATION, DISTRIBUTION, ETC. (IMPRINT)
Place of publication NEW DELHI
Name of publisher S CHAND
300 ## - PHYSICAL DESCRIPTION
Number of Pages 664
650 ## - SUBJECT ADDED ENTRY--TOPICAL TERM
Topical Term PHARMACY
General subdivision D.PHARMA
942 ## - ADDED ENTRY ELEMENTS (KOHA)
Koha item type Books
Holdings
Lost status Damaged status Home library Current library Shelving location Date acquired Source of acquisition Cost, normal purchase price Full call number Accession Number Koha item type
    JRU Library   SHELF-6-E 20/06/2017 PURCHESS 350.00 543.08 21821 Books